00865nam a22002657a 45000010005000000030006000050050017000110080041000280200018000690400029000870500019001160820013001351000017001482450077001652500041002422600032002833000045003155050007003605200108003675210018004755210018004936500026005116500016005377000046005537255FISKH20250704113928.0250704b cb ||||| |||| 00| 0 eng d a9780448416458 aFISKHbengcFISKHdFISKH aQL737.C22 B375 a 599.773 aBatten, Mary aBaby wolf /cBy Mary Batten ; Illustrated by Jo Ellen McAllister Stammen aThis edition first published in 1998 aNew York :bGrosset, c1998 a44 pages :bcolor illustrations ;c23 cm aJ  aDescribes how a wolf pup grows through its first year with its siblings and other members of its pack. 8 a490 bLexile 8 aJ bRaz-Plus  2Easy readera Animals 2WolvesaPup aStammen, Ellen McAllister Jodillustrator